Top 10 Most Guessed Countries By Continent - North America - Statistics

General Stats
  • This quiz has been taken 30 times
  • The average score is 9 of 10
Answer Stats
# % Answer % Correct
2 96% Canada
100%
3 94% Mexico
100%
1 97% United States
100%
4 77% Cuba
97%
7 59% Dominica
93%
8 55% Costa Rica
90%
9 53% Dominican Republic
90%
10 52% Guatemala
90%
5 67% Panama
90%
6 61% Jamaica
83%
No matching quizzes found
Score Distribution
Percent of People with Each Score
Percentile by Number Answered
Your Score History
You have not taken this quiz